Dans quel pays se déroulent ces films ? - Clic Quiz - Statistiques

Statistiques générales
  • Ce quiz a été pris 230 fois
  • Le résultat moyen est 8 sur 15
Statistiques - réponses
Hint Réponse % Correct
Mort sur le Nil Égypte
89%
Spider-Man États-Unis
86%
La Grande Vadrouille France
79%
Slumdog Millionaire Inde
74%
Billy Elliot Royaume-Uni
62%
Conclave Vatican
60%
Les Tuche Monaco
59%
Babysitting 2 Brésil
58%
Good Bye Lenin! Allemagne
56%
La Liste de Schindler Pologne
52%
Mamma Mia! Grèce
49%
La Folie des grandeurs Espagne
46%
La Chèvre Mexique
36%
Le Guépard Italie
30%
Au service secret de Sa Majesté Suisse
15%
Aucun quiz correspondant
Distribution des résultats
% des personnes avec chaque résultat
Percentile par nombre de réponses
Votre historique - résultats
Vous n’avez pas pris ce quiz